000 00471nam a22001937a 4500
005 20250407114815.0
008 250401b |||||||| |||| 00| 0 eng d
020 _a9783110786712
_c2688.61
040 _aMAIN
041 _aGerman
082 _bDEG
_a410
100 _aDe Gruyter
_925528
245 _aAngewanddte Linguistik fur Sprachberufe
250 _a3rd
260 _aBerlin
_bDe Gruyter
_c2024
300 _a274
650 _aGerman Language
942 _cBK
999 _c59606
_d59606